LEADER 02878nas1 22005413i 450 001 NAP0320020 005 20251003044247.0 011 $a1125-0240 017 70$aP 00144125$2P 017 70$aP000075877$2P 100 $a20170301b19842011||||0itac50 ba 101 | $aita 102 $ait 110 $aa|u|||||||| 181 1$6z01$ai $bxxxe 182 1$6z01$an 183 1$6z01$anc$2RDAcarrier 200 1 $aAION$eAnnali del Dipartimento di studi del mondo classico e del mediterraneo antico, Sezione linguistica 207 0$a6 (1984)-33(2011) 210 $aNapoli$cIstituto Universitario Orientale$d1985-2011 215 $a v.$d24 cm 300 $aAnnuale. 430 0$1001SBL0712048$12001 $aAION$eAnnali del Seminario di studi del mondo classico, Sezione linguistica 440 1 $1001BVE0689336$12001 $aAION$eAnnali del Dipartimento di studi letterari, linguistici e comparati. Sezione linguistica 463 1$1001TO00312460$12001 $aSaggio di una bibliografia sulla preistoria linguistica dell'Eurasia$fdi Antonio Sorrentino 463 1$1001UBO2553922$12001 $aTendenze recenti della teoria della traduzione in Unione Sovietica $fClara Montella$v1 463 1$1001UMC0074052$12001 $aLineamenti di storia linguistica della Campania antica 517 1 $aAION. Annali del Dipartimento di studi del mondo classico e del mediterraneo antico. Sezione linguistica$9BVE0589789 606 $aLinguistica$xPeriodici$2FIR$3CFIC035961$9E 676 $a410.5$9$v21 696 $aGlottologia$aScienze del linguaggio$aPubblicazioni periodiche$aRiviste 699 $aLinguistica$yGlottologia 699 $aLinguistica$yScienze del linguaggio 699 $aPeriodici$yPubblicazioni periodiche 699 $aPeriodici$yRiviste 712 01$aIstituto universitario orientale$c $b : Dipartimento di studi del mondo classico e del Mediterraneo antico$3CFIV029185 712 01$aUniversità degli studi di Napoli L'Orientale$b : Dipartimento di studi del mondo classico e del Mediterraneo antico$3CFIV230334 712 01$aIstituto universitario orientale$c $b : Dipartimento di studi del mondo classico e del mediterraneo antico$b : Sezione linguistica$3NAPV094869 801 3$aIT$bIT-000000$c20170301 850 $aIT-NA0079 901 $bNAP BN$cA.ACC.ITAL$nFondo librario esculso dal servizio di prestito. La consultazione dei documenti avviene presso la Sezione Periodici 901 $bNAP 01$cPOZZO LIB.$nVi sono collocati fondi di economia, periodici di ingegneria e scienze, periodici di economia e statistica e altri fondi comprendenti documenti di economia pervenuti in dono. 912 $aNAP0320020 950 1$aBiblioteca Centralizzata di Ateneo$c1 v.$d 01POZZO LIB.F. LANGELLA 346 967 $m3 977 $a 01$a 46$a 49$a AV$a BN$a NC$a PB 996 $aA.I.O.N$996301 997 $aUNISANNIO